LIBRARY & INFORMATION CENTRE, KCAET, TAVANUR

ONLINE PUBLIC ACCESS CATALOGUE (OPAC)

The Sports book: the games, the rules, the tactics and the techniques / (Record no. 14116)

MARC details
000 -LEADER
fixed length control field 00509nam a22001697a 4500
003 - CONTROL NUMBER IDENTIFIER
control field OSt
008 - FIXED-LENGTH DATA ELEMENTS--GENERAL INFORMATION
fixed length control field 240321b |||||||| |||| 00| 0 eng d
020 ## - INTERNATIONAL STANDARD BOOK NUMBER
ISBN 9780756631956
041 ## - LANGUAGE CODE
Language code of text/sound track or separate title eng
082 ## - DEWEY DECIMAL CLASSIFICATION NUMBER
Classification number 796
Item number DUF/SP
100 ## - MAIN ENTRY--AUTHOR NAME
Personal name Duffy, Michael
245 ## - TITLE STATEMENT
Title The Sports book: the games, the rules, the tactics and the techniques /
260 ## - PUBLICATION, DISTRIBUTION, ETC. (IMPRINT)
Place of publication London :
Name of publisher D K Ltd,
Year of publication 2007.
300 ## - PHYSICAL DESCRIPTION
Number of Pages 448 p.
Other physical details Book Jacket Green Pastic carpet type
Accompanying material Color Illustration
650 ## - SUBJECT ADDED ENTRY--TOPICAL TERM
Topical Term Sports and Games
942 ## - ADDED ENTRY ELEMENTS (KOHA)
Koha item type Books
Holdings
Withdrawn status Lost status Damaged status Home library Current library Date acquired Full call number Accession Number Koha item type
      KAUAET KAUAET 21/03/2024 796 DUF/SP 23693 Books
free website counter